Statistics for University Challenge - Finalists

Click here to take the quiz!

General Stats

  • This quiz has been taken 200 times
    (41 since last reset)
  • The average score is 22 of 57

Answer Stats

HintAnswer% Correct
University of Manchester
84%
University College London
81%
University of Edinburgh
81%
University of Edinburgh
81%
University of Bristol
77%
University of Durham
77%
New College, Oxford
68%
Runners-upUniversity of Birmingham
68%
Corpus Christi College, Cambridge
65%
Corpus Christi College, Oxford
65%
Imperial College London
65%
King's College London
61%
University of St Andrews
61%
University of Warwick
61%
Magdalen College, Oxford
58%
Queen's University Belfast
58%
Trinity College, Cambridge
58%
Trinity College, Oxford
58%
University of York
55%
London School of Economics
52%
St John's College, Cambridge
48%
St John's College, Oxford
48%
University of Sheffield
48%
Queens' College, Cambridge
45%
The Open University
45%
Jesus College, Cambridge
42%
Jesus College, Oxford
42%
WinnersUniversity of Leicester
42%
University College, Oxford
39%
University of Reading
39%
Gonville and Caius College, Cambridge
35%
Lancaster University
35%
Magdalene College, Cambridge
29%
Balliol College, Oxford
26%
Christ Church, Oxford
26%
Peterhouse, Cambridge
26%
University of Sussex
23%
Merton College, Oxford
19%
Pembroke College, Cambridge
19%
Trinity Hall, Cambridge
19%
University of Dundee
19%
University of Hull
19%
Birkbeck, University of London
16%
Christ's College, Cambridge
16%
Sidney Sussex College, Cambridge
16%
University of Bradford
16%
University of Essex
16%
Wolfson College, Cambridge
16%
Fitzwilliam College, Cambridge
13%
Churchill College, Cambridge
10%
Emmanuel College, Cambridge
10%
Keble College, Oxford
10%
Keele University
10%
Oriel College, Oxford
10%
Somerville College, Oxford
10%
St Edmund Hall, Oxford
10%
Cranfield University
3%

Score Distribution

Percentile by Number Answered

Percent of People with Each Score

Your Score History

You have not taken this quiz since the last reset